Culture Générale - Série 118 - Statistiques

Statistiques générales
  • Ce quiz a été pris 502 fois
  • Le résultat moyen est 6 sur 10
Statistiques - réponses
Question Réponse % Correct
Quel instrument a-t-on dans l'oeil si on évalue correctement une distance ? Compas
91%
Quelle arme était le symbole du dieu grec Poséidon ? Trident
89%
A quel pays appartenait le Brésil avant 1822 ? Portugal
87%
Dans quel sport utilise-t-on la technique du kumi-kata ? Judo
77%
Dans la mythologie grecque, où coulait le fleuve appelé Styx ? Aux Enfers
59%
Quel groupe connaît son premier succès avec "Plus près des étoiles" en 1985 ? Gold
58%
Dans quel art Béla Bartok s'est-il illustré ? Musique
55%
Quel oiseau est "moqueur" dans la chanson "Le Temps des cerises" ? Merle
46%
En quelle année le pont de Normandie a-t-il été inauguré ? 1995
35%
Quelle est l'étoile la plus brillante de la Petite Ourse ? Etoile Polaire
33%
Aucun quiz correspondant
Distribution des résultats
% des personnes avec chaque résultat
Percentile par nombre de réponses
Votre historique - résultats
Vous n’avez pas pris ce quiz